Le umiliazioni dell'esilio (Record n. 209730)
[ formato base ]
| 000 -LEADER | |
|---|---|
| fixed length control field | 01706nam a2200205Ia 4500 |
| 001 - CONTROL NUMBER | |
| control field | b7232-53489 |
| 003 - CONTROL NUMBER IDENTIFIER | |
| control field | IT-MiCISF |
| 008 - FIXED-LENGTH DATA ELEMENTS--GENERAL INFORMATION | |
| fixed length control field | 161014s9999||||xx |||||||||||||| ||und|| |
| 040 ## - CATALOGING SOURCE | |
| Original cataloging agency | IT-MiCISF |
| Transcribing agency | IT-MiCISF |
| 041 ## - LANGUAGE CODE | |
| Language code of text/sound track or separate title | it |
| 999 ## - SYSTEM CONTROL NUMBERS (KOHA) | |
| Koha Dewey Subclass [OBSOLETE] | si |
| 100 ## - MAIN ENTRY--PERSONAL NAME | |
| Personal name | Rosenbaum Francine |
| 245 #0 - TITLE STATEMENT | |
| Title | Le umiliazioni dell'esilio |
| Remainder of title | Le patologie della vergogna dei figli dei migranti |
| 250 ## - EDITION STATEMENT | |
| Edition statement | 1a ed. |
| 260 ## - PUBLICATION, DISTRIBUTION, ETC. (IMPRINT) | |
| Place of publication, distribution, etc. | Milano |
| Name of publisher, distributor, etc. | FrancoAngeli |
| Date of publication, distribution, etc. | 2013 [Edizione originale: 2010] |
| 300 ## - PHYSICAL DESCRIPTION | |
| Extent | pp. 198 |
| 500 ## - GENERAL NOTE | |
| General note | / terapia-familiare, famiglia-migranti, case-studies, comunicazione, mediazione, tecniche-terapeutiche / A partire dalla sua esperienza clinica con i bambini e le famiglie multiculturali, l'A. evoca in questo volume gli effetti perversi del misconoscimento delle risorse psicolinguistiche della lingua materna necessaria all'elaborazione dell'identità. Dall'inizio della sua attività clinica ha costatato che il malessere dei migranti si cristallizza spesso in sintomi che ledono la parola o la scrittura. Serve quindi agire con i bambini e le loro famiglie facendo leva sulla lingua, le origini, gli antenati, i modi di fare. Perdendo l'involucro sonoro della lingua materna, infatti, l'essere umano sperimenta sentimenti di annullamento, di perdita di identità, di paura e di minaccia. Le conseguenze possono essere molteplici: isolamento, aggressività, crisi di identità, paralisi del pensiero, vergogna e umiliazione. La valorizzazione della lingua materna, il genogramma e la riscoperta delle storie di vita grazie alla mediazione linguistico-culturale sono i supporti che vengono ampiamente illustrati dalle storie cliniche qui presentate. |
| 650 ## - SUBJECT ADDED ENTRY--TOPICAL TERM | |
| Topical term or geographic name as entry element | terapia |
| 942 ## - ADDED ENTRY ELEMENTS (KOHA) | |
| Koha item type | LIBRO |
| 957 ## - | |
| -- | 1 |
| 999 ## - SYSTEM CONTROL NUMBERS (KOHA) | |
| -- | 1 |
| Withdrawn status | Lost status | Damaged status | Not for loan | Home library | Current library | Date acquired | Total Checkouts | Full call number | Date last seen | Price effective from | Koha item type | Public note |
|---|---|---|---|---|---|---|---|---|---|---|---|---|
| Buone Condizioni | Not For Loan | CISF - Milano | CISF - Milano | 14/10/2016 | b7232-53489 | 14/10/2016 | 14/10/2016 | LIBRO | Data import 15.10.2016 / by Epidotti, Vaglietti |